Το Ευρωπαϊκό σύνταγμα

Αποθηκεύτηκε σε:
Λεπτομέρειες βιβλιογραφικής εγγραφής
Άλλοι συγγραφείς: Παπαδημητρίου, Γιώργος Αλ., 1944-2009 (Επιμελητής έκδοσης)
Μορφή: Βιβλίο
Γλώσσα:Greek
Δημοσίευση: [Αθήνα] : Σαββάλας, [2005]
Σειρά:Κοινωνικές επιστήμες (Εκδόσεις Σαββάλας)
Θέματα:
Ετικέτες: Προσθήκη ετικέτας
Δεν υπάρχουν, Καταχωρήστε ετικέτα πρώτοι!

MARC

LEADER 00000cam a2200000 i 4500
001 1/25963
008 060310s2005 gre d
020 |a 960-423-686-5 
035 |l 10083046 
040 |a GR-MY-UA  |b gre  |e aacr 
041 0 |a gre 
082 0 |a 341.2422  |2 (22) 
245 1 3 |a Το Ευρωπαϊκό σύνταγμα /  |c εισαγωγή - επιμέλεια: Γιώργος Παπαδημητρίου 
260 |a [Αθήνα] :   |b Σαββάλας,   |c [2005] 
300 |a 352 σ.;  |c 24 εκ. 
490 1 |a Κοινωνικές επιστήμες 
504 |a Ευρετήριο: σ. 337-347 
610 2 0 |a European Union. 
650 0 |a Constitutional law  |z European Union countries. 
700 1 |4 edt  |a Παπαδημητρίου, Γιώργος Αλ.,   |d 1944-2009. 
830 0 |a Κοινωνικές επιστήμες (Εκδόσεις Σαββάλας) 
852 |a INST  |b RHODES  |e 20060310  |h 341.2422 ΕΥΡ  |p 005400021224  |q 005400021224  |t BK  |y 0 
901 |a BIBL4-2006-1 
909 |a Ρ  |b 123367 
970 |a Κόζα  |b Μαρία  |z 2006/03/10